MDQL
is popping MORE tags! Check the
thread
!
Quizzes
Events
Quiz Creation
Community
Videos
Private Events
Remove Ads
Sign In
Join for FREE
Feedback
Dark Mode
Quiz Categories
Sports
Geography
Music
Movies
Television
Just For Fun
Miscellaneous
History
Literature
Language
Science
Gaming
Entertainment
Religion
Holiday
For Kids
Quiz Lab
Recent
Popular Today
Quiz Kudos Today
Editor Picks
Curator Picks
Quizzes by...
Day
Popularity
Type
Ratings
Length
Year
Community
Subscriptions
Recent Discussions
Orange Saloon
Badges
Playlists
Quests
Create
Leaderboards
Showdown
Live 5
Trivia Bingo
Activity
Puzzle Library
Sporcle Events
Private Events
Virtual Trivia
Globe League
Become a Host
Pub Owners
SporcleCon
Opinionation
Our Games
Videos
Blog
Mobile Apps
Partnerships
Remove Ads and Go Orange
Feedback
Geography
Country
Landmarks
City
State
Population
World
Capital
Continent
Flags
Europe
Africa
Asia
South America
North America
Oceania
Border
Canada
United Kingdom
Topography
United States
Geography
Country
Landmarks
City
State
Population
World
Capital
Continent
Flags
Europe
Africa
Asia
South America
North America
Oceania
Border
Canada
United Kingdom
Topography
United States
Random Quiz
Search Sporcle
×
Curator Pick
Curator Pick
Geography
Country
Type in answers that appear in a list
Type in answers that appear in a list
Classic
Best Score? Go Orange.
Countries in Swahili Stats
Can you name the Countries in Swahili?
By
hminion
6m
30 Questions
760 Plays
760 Plays
760 Plays
Comments
Comments
Give Quiz Kudos
Give Quiz Kudos
-
- Ratings
hide this ad
More Info
Forced Order
Answers have to be entered in order
Answers have to be entered in order
Replay
Link that replays current quiz
Next Quiz
Link to next quiz in quiz playlist
You Got
0%
They Got
Avg Score
62%
Avg Friend Score
Upgrade to see
Score Distribution
Jump to the score distribution portion of the page
Score
0/30
Timer
06:00
0
Plays Today
Swahili Name
English Name
% Correct
Norwei
Norway
98%
Jamaika
Jamaica
88.3%
Uchina
China
85.5%
Hispania
Spain
84.7%
Afrika Kusini
South Africa
83.3%
Ekuador
Ecuador
79.6%
Uhindi
India
78.7%
Uswidi
Sweden
76.7%
Yordani
Jordan
74.7%
Ufaransa
France
74.6%
Ujerumani
Germany
74.6%
Ubelgiji
Belgium
73.1%
Uthai
Thailand
71.7%
Ufini
Finland
68.8%
Marekani
United States of America
67.1%
Swahili Name
English Name
% Correct
Komoro
Comoros
66.3%
Guinea ya Ikweta
Equatorial Guinea
65.1%
Jamhuri ya Afrika ya Kati
Central African Republic
63.9%
Ugiriki
Greece
63.6%
Uholanzi
Netherlands
60.7%
Uingereza
United Kingdom
58.2%
Misri
Egypt
54.3%
Shelisheli
Seychelles
52%
Kirgizia
Kyrgyzstan
47.2%
Kupro
Cyprus
36.2%
Morisi
Mauritius
34.8%
Falme za Kiarabu
United Arab Emirates
32.3%
Msumbiji
Mozambique
31.9%
Ureno
Portugal
23.7%
Uajemi
Iran
14.8%
Quiz Playlist
Details
Report
Send in Message
Add To Playlist
More Info:
For many, sounding it out slowly will help.
Classic:
Type in answers that appear in a list
Forced Order:
Answers have to be entered in order
Last Updated: Jul 29, 2017
Curator Pick in
Translation
Quiz Scoreboard
CHALLENGE
Sign Up to Join the Scoreboard
Show All
Scores
Hide
Comments
May contain spoilers
Recently Published
Two Season TV Shows II
by 123Four
Television
10m
Image Sorting: Flags VI
by Barbecue
Geography
2m
Find the 'City' Movie
by crazypaving
Movies
60s
More to Explore
Quiz From the Vault
Featured Blog Post
14 Easter Pick-up Lines to Find Eggs With
hide this ad
You Might Also Like...
Tags
Country Quiz
Translation Quiz
English
Swahili
Today's Top Quizzes in Geography
Browse Geography
hide this ad
Today's Top Quizzes in Country
Browse Country
Top Contributed Quizzes in Geography
1
Colored Red Europe Blitz I
2
Countries of the World - No Outlines Minefield
3
Colored Red Africa Blitz II
4
Colored Red Europe Blitz II
5
Colored Red Europe Blitz III
6
Colored Red Africa Blitz III
7
Colored Red States Blitz I
8
A Different View: World Oceans
9
Colored Red States Blitz II
10
Colored Red States Blitz III
Explore More
Trending Topics
Harry Potter
Crossword
Disney
Kpop
Marvel
NBA
Anime
Soccer
Song
Puzzle
WWE
Pokémon
Country
NFL
The Office
hide this ad
More By:
hminion
Quiz
Plays
Rating
Category
Featured
Created
World Capital Rank
94,448
4.11
Geography
Jun 12, 2011
Largest Countries Containing Each Letter
92,731
4.67
Geography
Nov 19, 2012
Countries in French
1,249
4.63
Geography
Jan 3, 2010
Star Alliance Hubs
876
4.50
Geography
Dec 18, 2016
Oceanian City Nickname
847
4.29
Geography
Apr 11, 2015
Go to Creator's Profile
Score Distribution
Quiz Creator Spotlight
hminion
Follow
Send a Message
Quizzes Created
-
Created Quiz Play Count
-
More By This Creator
Popular Quizzes Today
1
Colored Red Africa Blitz
2
Find the US States - No Outlines Minefield
3
Find the 'City' Movie
4
5x2 Blitz: Bands
5
The Countries of the World
6
Find the US States
7
Find the Countries of Europe - No Outlines Minefield
8
US States
More Geography Quizzes
Go with the Flow: US States
Published
Trending Quizzes
Colored Red Europe Blitz I
Colored Red Africa Blitz II
Colored Red Europe Blitz II
Colored Red Africa Blitz III
Colored Red Europe Blitz III
Recently Updated
How Do You Spell That?
pecheneg
Godzilla Movies
pecheneg
Grab Bag: 4-10 Letters
pecheneg
2024 March Madness Bracket
pecheneg
Famous TV Couples
Peacemaker
Champions League XIs: Real Madrid
pecheneg
Largest US Cities 1790-2010
pecheneg
Rides in Walt Disney World
pecheneg
Most Oscar Losses (Acting)
pecheneg
Beyoncé Albums
pecheneg
Trending Topics
Disney
Anime
NBA
Crossword
Marvel
Kpop
Harry Potter
Puzzle
Pokémon
NFL
Song
Country
WWE
Soccer
The Office
Your Account Isn't Verified!
In order to create a playlist on Sporcle, you need to verify the email address you used during registration. Go to your
Sporcle Settings
to finish the process.
Report this User
Report this user for behavior that violates our
Community Guidelines
.
Details:
Send Report
Go to the Sporcle.com Mobile Site →
Comments